| 000 | 02303nam a2200313 4500 | ||
|---|---|---|---|
| 001 | 48 | ||
| 003 | OSt | ||
| 005 | 20250528074010.0 | ||
| 008 | 250122b |||||||g |||| 00| 1 eng d | ||
| 040 | _bpor | ||
| 041 |
_heng _apor |
||
| 082 |
_a813 _bB457t |
||
| 100 | 1 |
_aBenchley, Peter, _d1940-2006 _9140 |
|
| 240 | _aJaws | ||
| 245 |
_aTubarão / _cBenchly, Peter ; Tradução de A. B. Pinheiro de Lemos |
||
| 250 | _a6° edição | ||
| 260 |
_aRio de Janeiro _bRecord _c1974 |
||
| 300 | _a262 p. | ||
| 520 | _aVocê não está vendo, mas ele está lá no fundo, observando suas pernas se mexerem nas águas turvas. A mais perfeita máquina assassina da natureza, o predador que mantém seu posto no topo da cadeia alimentar desde a época dos dinossauros. Um torpedo de carne, ossos e dentes. Não há para onde fugir. Se você sempre devorou livros, chegou a hora da revanche. Tubarão é o clássico romance de Peter Benchley que deu origem ao primeiro blockbuster de Spielberg. Mas, mesmo antes do sucesso na telona, o frenesi alimentar de Jaws se transformou num fenômeno de vendas. O best-seller internacional foi o principal responsável em elevar a fera de barbatanas dorsais ao status de perfeita encarnação do mal. Se já existiu um bicho-papão na natureza, ele está dentro d’água. A história se passa em Amity, um balneário ficcional situado em Long Island, Nova York. Quando o corpo de uma turista é encontrado na praia o chefe de polícia Martin Brody ordena o fechamento das praias da região. O prefeito Larry Vaughan, porém, mais preocupado com o dinheiro dos veranistas, consegue abafar a notícia e libera o banho de mar na cidade. O banquete está servido. O impacto dessa obra pop foi tão violento, que gerações passaram a pensar duas vezes antes de cair no mar. O resultado, além das intermináveis semanas do tubarão na tv a cabo, foi a perseguição desenfreada a esses peixes de dentes afiados. Benchley se tornou um ativista contra a matança indiscriminada dos tubarões. | ||
| 650 | 0 |
_aLiteratura Americana _984 |
|
| 650 | 0 |
_aTerror _9141 |
|
| 650 | 0 |
_aSuspense _910 |
|
| 650 | 0 |
_aAnimais _959 |
|
| 650 | 0 |
_aClássicos _977 |
|
| 655 | 0 |
_aRomance _923 |
|
| 655 | 0 |
_aFicção _922 |
|
| 700 |
_aA. B. Pinheiro de Lemos _eTradutor _9109 |
||
| 942 |
_2ddc _n0 _cBK |
||
| 999 |
_c48 _d48 |
||